Supply Chain Simulation

Všeobecné porovnanie techniky analytickej optimalizácie a dynamickej simulácie a ďalej zameranie sa na simuláciu, jej prínosy a aplikačné oblasti v rámci riadenia dodávateľského reťazca. Prehľad literatúry o problémoch dodávateľského reťazca vyriešených simulačnými technikami. Porovnávanie simulačný...

Descrizione completa

Salvato in:
Dettagli Bibliografici
Autore principale: Horváthová, Miroslava
Natura: Capitolo di libro
Lingua:inglese
Soggetti:
Tags: Aggiungi Tag
Nessun Tag, puoi essere il primo ad aggiungerne!!

MARC

LEADER 00000naa a2200000 4500
001 0261624
005 20240502074151.3
041 0 |a eng 
044 |a SK 
245 1 0 |a Supply Chain Simulation 
520 |a Všeobecné porovnanie techniky analytickej optimalizácie a dynamickej simulácie a ďalej zameranie sa na simuláciu, jej prínosy a aplikačné oblasti v rámci riadenia dodávateľského reťazca. Prehľad literatúry o problémoch dodávateľského reťazca vyriešených simulačnými technikami. Porovnávanie simulačných modelov, ako aj rôzne simulačné techniky, ako je tabuľková simulácia, dynamika systému, simulácia diskrétnych udalostí a modelovanie založené na agentoch. 
610 2 0 |a dodávatelia 
610 2 0 |a simulácia 
610 2 0 |a optimalizácia 
610 2 0 |a modelovanie 
100 1 |a Horváthová, Miroslava